| 000 | 01186nam a2200301 a 4500 | ||
|---|---|---|---|
| 005 | 20161102020002.0 | ||
| 008 | 160829t1989 sp ao|||r|||| 00| 0 spa d | ||
| 020 | _a8425333717 | ||
| 040 |
_aCO-BoIAVH _cCO-BoIAVH |
||
| 041 | 1 |
_aspa _hita |
|
| 044 | _asp | ||
| 082 | 0 | 4 |
_a595.789 _bD11m |
| 100 | 1 |
_aDaccordi, Mauro _eautor |
|
| 245 | 1 | 0 |
_aMariposas / _cM. Daccordi, P. Triberti y A. Zabetti ; traducido por: Mercé Serrano y Ferran Vallespinós |
| 250 | _aSegunda edición | ||
| 260 |
_aBarcelona, España : _bGrijalbo Mondadori, _c1989. |
||
| 300 |
_a384 páginas : _billustraciones a color y fotografías a color ; _c20 x 12 cm. |
||
| 500 | _aEncabezado del título: guías de la naturaleza. | ||
| 500 | _aIncluye glosario. | ||
| 504 | _aIncluye referencias bibliográficas, iconográficas e índices analíticos. | ||
| 650 | 2 | 4 |
_aMariposas _xEspecies _vGuías |
| 650 | 2 | 6 |
_aLepidoptera _xTaxonomía _vGuías |
| 650 | 2 | 6 |
_aLepidoptera _xDescripción _vGuías |
| 650 | 2 | 6 |
_aLepidoptera _xDistribución geográfica _vGuías |
| 700 | 1 |
_aTriberti, Paolo _eautor |
|
| 700 | 1 |
_aZanetti, Adriano _eautor |
|
| 942 |
_2ddc _cLIBRO _01 |
||
| 999 |
_c18983 _d18983 |
||